000 00398nam a2200169Ia 4500
005 20250423095732.0
008 250422s9999 xx 000 0 und d
020 _a0072339209
050 _aHG 4521 .B564/
100 _aBodie, Zvi
245 0 _aInstructor’s manual to accompany investments
260 _aBoston
260 _bMcGraw-Hill
260 _c2002
300 _a170 p
942 _cBK
999 _c31177
_d31177